The Holy Spirit or power from on high : (Record no. 4586)

MARC details
000 -LEADER
fixed length control field 00838cam a2200229Ma 4500
001 - CONTROL NUMBER
control field 222446586
003 - CONTROL NUMBER IDENTIFIER
control field OCoLC
005 - DATE AND TIME OF LATEST TRANSACTION
control field 20181210161022.0
008 - FIXED-LENGTH DATA ELEMENTS--GENERAL INFORMATION
fixed length control field 930304q18951896pau u000 0 eng d
035 ## - SYSTEM CONTROL NUMBER
System control number (OCoLC)222446586
040 ## - CATALOGING SOURCE
Original cataloging agency AU@
Language of cataloging eng
Transcribing agency AU@
Modifying agency OCLCQ
-- CIRBC
082 04 - DEWEY DECIMAL CLASSIFICATION NUMBER
Classification number 231.3
Edition number 20
Item number S613H
092 ## - LOCALLY ASSIGNED DEWEY CALL NUMBER (OCLC)
Classification number 231.3
Item number S6131
100 1# - MAIN ENTRY--PERSONAL NAME
Personal name Simpson, A. B.
Fuller form of name (Albert B.)
245 14 - TITLE STATEMENT
Title The Holy Spirit or power from on high :
Remainder of title an unfolding of the doctrine of the Holy Spirit in the Old and New Testaments /
Statement of responsibility, etc. by A.B. Simpson.
250 ## - EDITION STATEMENT
Edition statement New ed. /
Remainder of edition statement with foreword by Walter M. Turnbull.
260 ## - PUBLICATION, DISTRIBUTION, ETC.
Place of publication, distribution, etc. Harrisburg, Pa. :
Name of publisher, distributor, etc. Christian Publications,
Date of publication, distribution, etc. [1895?-1896]
300 ## - PHYSICAL DESCRIPTION
Extent 2 v. (293 p.) ; vol.2
Dimensions 20 cm.
505 0# - FORMATTED CONTENTS NOTE
Formatted contents note pt. 1. The Old Testament -- pt. 2. The New Testament.
650 #0 - SUBJECT ADDED ENTRY--TOPICAL TERM
Topical term or geographic name entry element Holy Spirit
General subdivision Biblical teaching.
942 ## - ADDED ENTRY ELEMENTS (KOHA)
Source of classification or shelving scheme Dewey Decimal Classification
Koha item type Books
Holdings
Withdrawn status Lost status Source of classification or shelving scheme Damaged status Not for loan Collection code Home library Current library Shelving location Date acquired Cost, normal purchase price Serial Enumeration / chronology Total Checkouts Full call number Barcode Date last seen Price effective from Koha item type
    Dewey Decimal Classification   Not For Loan Non-fiction Harvest Mission College Harvest Mission College General Stacks 10.12.2018 190.00 Vol 2   231.3 S613H 005287 10.12.2018 10.12.2018 Books
    Dewey Decimal Classification   Not For Loan Non-fiction Harvest Mission College Harvest Mission College General Stacks 10.12.2018 190.00 Vol 1   231.3 S613H 005286 10.12.2018 10.12.2018 Books

OPAC Designed and Maintained by HMC Library Team.
Copyright © HMC Library,Greater Noida, UP.
For any Suggestions/Query Contact library via Email:libhmc@gmail.com